Fill in the Blanks K-pop (Aespa Ver.) - Statistics

General Stats
  • This quiz has been taken 136 times
  • The average score is 5 of 16
Answer Stats
Hint Answer % Correct
Beat drop / _____, calling naevis
80%
Baby, you and me are a ______ fantasy twisted
76%
Under pressure, body _______, can you focus?? sweating
52%
____ it back, ____ it back, ____ it back throw
45%
Why would I ever _____? stop
44%
So we roll up, every _______ weekend
41%
Run, run, run, _____, ______, run, run kitty
40%
Monochrome to colors, _______ evolution
31%
But you keep wasting your time, ____ dude
23%
Stop, go, put that in _______ slowmo
18%
Got everybody, ____ up to me mock
15%
But I'm so goddamn sure my _____ is just too precious to waste energy
13%
Like me when I'm _______ baddest
9%
Can't stop _______ hyperstellar
8%
Baby, don't _____, party panic
6%
Dancing with the ______ flames
4%
No matching quizzes found
Score Distribution
Percent of People with Each Score
Percentile by Number Answered
Your Score History
You have not taken this quiz